| 000 | 00770nam a2200229 a 4500 | ||
|---|---|---|---|
| 001 | 47512 | ||
| 003 | BD-RjUL | ||
| 005 | 20211209054331.0 | ||
| 008 | 160809s2009 bg ||||| |||| 00| 0 ben d | ||
| 020 | _c: Tk. 75.00 | ||
| 035 | _a(BD-RjUL)47631 | ||
| 040 |
_aBD-RjUL _bben _cBD-RjUL |
||
| 041 | _aben | ||
| 082 |
_223 _a891.44 _bSIS 2009 |
||
| 100 | 1 |
_aসিদ্দিক, আবুবকর _9120943 |
|
| 245 | 1 | 0 | _aস্বপ্নকুঁড়ি / |
| 260 |
_aরাজশাহী : _bরাজশাহী এসোসিয়েশন, _c২০০৯ |
||
| 300 |
_a১৪০ পৃ. : _bচিত্র ; _c২১ সেমি. |
||
| 650 |
_aবাংলা সাহিত্য _9144456 |
||
| 650 |
_aBengali Literature _9144457 |
||
| 942 |
_2ddc _cBK |
||
| 999 |
_c47512 _d47512 |
||